| 000 | 00956nam a2200325Ia 4500 | ||
|---|---|---|---|
| 001 | 71645 | ||
| 003 | IT-RoPAU | ||
| 008 | 130308s9999 xx 000 0 und d | ||
| 040 | _aIT-RoPAU | ||
| 040 | _cIT-RoPAU | ||
| 041 | _aINGLESE | ||
| 100 | _aBates Anthony | ||
| 100 | _gCodice Aut. SPICS: 24902 | ||
| 245 | _aImproving the Educational Effectiveness of Television Case-Studies and Documentaries | ||
| 245 | _bMedia, Knowledge And Power | ||
| 250 | _a1a ed. | ||
| 260 | _aINGHILTERRA | ||
| 260 | _bCroom Helm | ||
| 260 | _c1987 [1° Ed.:1987 - Ed.Ling.Originale:1977] | ||
| 300 | _a"20 p. (prefazione: no ; testo: 20 [pagine: 319-338])" | ||
| 500 | _aEffetti Educativi degli Studi e Documentari Televisivi | ||
| 650 | _aSAGGI DI COMUNICAZIONE SOCIALE | ||
| 650 | _eCodice materia Spics: 3807 | ||
| 700 | _aGallagher Margaret | ||
| 700 | _gCodice Aut. SPICS: 9684 | ||
| 942 | _cBK | ||
| 957 | _71 | ||
| 999 |
_c45056 _d45056 |
||
| 999 | _bSI | ||
| 999 | _g1 | ||